Statistics for Most Populous Countries Containing Letters A-Z

Click here to take the quiz!

General Stats

  • This quiz has been taken 487 times
    (443 since last reset)
  • The average score is 11 of 14

Answer Stats

LettersCountry% Correct
E, S, T, UUnited States
98%
A, C, H, I, NChina
97%
B, R, ZBrazil
94%
DIndia
93%
JJapan
88%
M, XMexico
85%
OIndonesia
81%
K, PPakistan
78%
GNigeria
74%
VVietnam
72%
QIraq
64%
YEgypt
63%
FD.R. Congo
58%
WTaiwan
26%

Score Distribution

Percentile by Number Answered

Percent of People with Each Score

Your Score History

You have not taken this quiz since the last reset